| 000 | 01195nam a2200229Ia 4500 | ||
|---|---|---|---|
| 001 | b7006-50906 | ||
| 003 | IT-MiCISF | ||
| 005 | 20240326142225.0 | ||
| 008 | 161014s9999||||xx |||||||||||||| ||und|| | ||
| 040 |
_aIT-MiCISF _cIT-MiCISF |
||
| 041 | _ait | ||
| 100 |
_aVolta Alessandro _960579 |
||
| 245 | 0 |
_aMi è nato un papà. _bAnche i padri aspettano un figlio |
|
| 260 |
_a Milano, _bUrra, _c2010 |
||
| 300 | _app. 149 | ||
| 500 | _a / paternità, primo-figlio, gravidanza, periodo-neonatale / | ||
| 520 | _aIl racconto in prima persona, dal tono leggero e funzionale a favorire la dinamica del rispecchiamento da parte del lettore, si alterna a schede informative o d'approfondimento su temi specifici, che danno sostanza, supporto scientifico e conoscitivo a ciò che viene, in forma leggera e coinvolgente, veicolato altrimenti dalla narrazione. Dedicato alle future madri, che vorrebbero avere le idee più chiare di cosa passa per la testa dei futuri padri, e ai futuri padri che desiderano una "chiave di lettura" al maschile delle loro compagne, del nuovo venuto e di sé stessi. | ||
| 650 |
_a Genitorialità _e004 |
||
| 654 | _asaggio | ||
| 942 |
_cBK _2ddc |
||
| 999 |
_c209980 _d209980 |
||
| 999 | _bsi | ||